100 Movies by Poster - Statistics

General Stats
  • This quiz has been taken 435 times
  • The average score is 62 of 100
Answer Stats
Picture Answer % Correct
Finding Nemo
95%
Deadpool
94%
Spiderman
93%
Toy Story
91%
Barbie
90%
Forrest Gump
90%
Oppenheimer
90%
Titanic
90%
Jaws
88%
Pulp Fiction
88%
Gladiator
87%
The Godfather
87%
Wicked
87%
It
86%
La La Land
86%
The Matrix
86%
Dune
85%
The Hunger Games
85%
Terminator
84%
Twilight
84%
Back to the Future
82%
Black Panther
82%
The Devil Wears Prada
82%
X-Men
82%
Avengers: Endgame
81%
Top Gun
81%
Beetlejuice
80%
Edward Scissorhands
80%
Grease
80%
Interstellar
80%
Jumanji
80%
Lilo and Stitch
80%
Silence of the Lambs
80%
Charlie and the Chocolate Factory
79%
Mean Girls
79%
Saving Private Ryan
76%
High School Musical
75%
Scream
75%
The Martian
74%
Guardians of the Galaxy
73%
The Greatest Showman
73%
The Maze Runner
71%
The Shawshank Redemption
71%
Mission Impossible
70%
Fight Club
69%
Happy Gilmore
69%
Inception
69%
Ocean's Eleven
69%
Creed
67%
Juno
67%
Magic Mike
66%
Taxi Driver
66%
The Grand Budapest Hotel
64%
The Suicide Squad
64%
10 Things I Hate About You
63%
Love Actually
63%
Romeo and Juliet
63%
Superbad
63%
Pretty Woman
62%
Notting Hill
59%
The Blind Side
59%
Uncharted
58%
Her
56%
Bridget Jones's Diary
55%
Enola Holmes
55%
Clueless
54%
The Proposal
54%
Free Guy
53%
Lady Bird
53%
A Nightmare on Elm Street
52%
Call Me by Your Name
52%
Step Brothers
52%
Harry Potter and the Goblet of Fire
51%
Challengers
50%
Hairspray
50%
How to Lose a Guy in 10 Days
50%
Friends With Benefits
49%
Goonies
48%
Poor Things
44%
Father of the Bride
43%
Crazy Stupid Love
36%
Four Weddings and a Funeral
36%
Don't Worry Darling
33%
Death Becomes Her
31%
Tick Tick Boom
30%
About Time
29%
Me Before You
29%
After
27%
The Gentlemen
25%
In the Heights
24%
We Live in Time
23%
Eat, Pray, Love
22%
Anatomy of a Fall
20%
Cherry
16%
One Day
16%
Fly Me To The Moon
15%
Saturday Night
14%
All of Us Strangers
11%
Black Bag
11%
One Life
7%
No matching quizzes found
Score Distribution
Percent of People with Each Score
Percentile by Number Answered
Your Score History
You have not taken this quiz